000 00741nam a2200253Ia 4500
003 OSt
005 20220925221301.0
006 a|||||r|||| 00| 0
007 ta
008 220923b |||||||| |||| 00| 0 eng d
020 _a0 333 33428 0
037 _cGeneral Book
040 _aRTL
_cRTL
_beng
041 _2eng
_aeng
082 _aX.42.N8, M4
100 _aKono Toyohiro
_9286172
245 0 _aStrategy and structure of Japanese enterprises
260 _aLondon
_bMacmillian
_c1984
300 _axiv,352p.
_ccm.
500 _aBibliography chapterwise; Appendix chapterwise
650 _aEconomics Conditions Japan
_9235427
942 _hX.42.N8, M4
_cGB
_2CC
999 _c573808
_d573808